书目信息 |
| 题名: |
马卡连柯全集
|
|
| 作者: | 马卡连柯 , Макаренко 著 ;耿济安 译 | |
| 分册: | 第四卷 | |
| 出版信息: | 北京 人民教育出版社 1957 |
|
| 页数: | 593页 | |
| 开本: | 20cm | |
| 丛书名: | ||
| 单 册: | ||
| 中图分类: | C52 , G78 | |
| 科图分类: | ||
| 主题词: | 家庭教育--文集 | |
| 电子资源: | ||
| ISBN: | 7012.315 | |
| 000 | 01063cam0 2200301 450 | |
| 001 | 0105412681 | |
| 005 | 20061108094459.0 | |
| 010 | @a7012.315@dCNY1.90 | |
| 091 | @a7012.315@dCNY1.90 | |
| 100 | @a19961213d1957 em y0chiy0110 ea | |
| 101 | 1 | @achi@crus |
| 102 | @aCN@b110000 | |
| 105 | @ay z 001yy | |
| 106 | @ar | |
| 200 | 1 | @a马卡连柯全集@9Ma Ka;Qia Lian Ke Quan Ji @f(苏)马卡连柯(А.С.Макаренко)著@g“马卡连柯全集”编辑委员会编辑@g耿济安等译@h第四卷@b专著 |
| 210 | @a北京@c人民教育出版社@d1957 | |
| 215 | @a593页@d20cm | |
| 300 | @a书名原文:А.С.Макаренко сочинения том второй | |
| 517 | 1 | @aА.С.Макаренко сочинения том второй@zrus |
| 600 | 0 | @a马卡连柯@c(Makarenko, Anton Semenovich@f1888-1939)@x全集 |
| 606 | 0 | @a家庭教育@x文集 |
| 690 | @aC52@v3 | |
| 690 | @aG78@v3 | |
| 701 | 1 | @a马卡连柯@9ma ka lian ke@bА.С.@4著 |
| 701 | 1 | @aМакаренко@bА.С.@4著 |
| 702 | 0 | @a耿济安@9geng ji an@4译 |
| 801 | 0 | @aCN@bAiZhiMarc |
| 905 | @aBZT@dC52@e86:4@f1@sC52/86:4 | |
| 马卡连柯全集/(苏)马卡连柯(А.С.Макаренко)著/“马卡连柯全集”编辑委员会编辑/耿济安等译.第四卷.-北京:人民教育出版社,1957 |
| 593页;20cm |
| 书名原文:А.С.Макаренко сочинения том второй |
| ISBN 7012.315:CNY1.90 |
| ● |
| 相关链接 |
|
|
|
正题名:马卡连柯全集
索取号:C52/86:4
 
预约/预借
| 序号 | 登录号 | 条形码 | 馆藏地/架位号 | 状态 | 备注 |
| 1 | 2000080444 | 2000080444 | 旧书回溯/ [索取号:C52/86:4] | 在馆 |